书目信息 |
| 书名: | The Middle Ages | |
| 作者: | [compiled by] Brian Tierney. | |
| 分册号: | ||
| 分册名: | 出版地: | New York : |
|
| 出版社: | McGraw-Hill | |
| 出版时间: | c1992-. | |
| 页数: | v. <1 > ; | |
| 开本: | 24 cm. | |
| 丛书名: | ||
| 中图分类号: | ||
| 科图分类号: | ||
| 其他分类号: | K56 | |
| 主题词: | ||
| 电子资源: | http://www.loc.gov/catdir/enhancements/fy0602/93112213-d.html http://www.loc.gov/catdir/enhancements/fy0602/93112213-t.html | |
| 000 | 01247cam a2200361 a 450 | |
| 001 | E0758037546 | |
| 005 | 20070517161715.89 | |
| 008 | 930205m19929999nyu 000 0 eng | |
| 010 | @a93112213 | |
| 020 | @a0070646112 (v. 1). | |
| 035 | @A(DLC) 93112213 | |
| 035 | @a(OCoLC) | |
| 040 | @aDLC@cDLC@dDLC | |
| 043 | @ae------ | |
| 050 | 00 | @aD113@b.M49 1992 |
| 082 | 00 | @a940.1@2 20 |
| 090 | @aK56 | |
| 099 | @dK56@ex9 | |
| 245 | 04 | @aThe Middle Ages / @c[compiled by] Brian Tierney. |
| 250 | @a6th ed. | |
| 260 | @aNew York :@bMcGraw-Hill,@cc1992-. | |
| 300 | @av. <1 > ;@c24 cm. | |
| 500 | @aCollection of previously published documents. | |
| 505 | 1 | @av. 1. Sources of medieval history. |
| 650 | 0 | @aMiddle Ages. |
| 650 | 0 | @aMiddle Ages@vSources. |
| 700 | 1 | @aTierney, Brian. |
| 856 | 42 | @3 Publisher description@uhttp://www.loc.gov/catdir/enhancements/fy0602/93112213-d.html |
| 856 | 41 | @3 Table of contents only@uhttp://www.loc.gov/catdir/enhancements/fy0602/93112213-t.html |
| 906 | @a7@bcbc@corignew@d2@encip@f19@gy-gencatlg | |
| 922 | @aco | |
| 955 | @auc11 to HLCD 02-05-93; lg02 to lg03 02-23-93; to lg11 02-25-93; lg11 03-09-93; aa00 04-27-93 | |
| 991 | @bc-GenColl@hD113@i.M49 1992@tCopy 1@wBOOKS | |
| The Middle Ages / / [compiled by] Brian Tierney.-6th ed.-New York : : McGraw-Hill, , c1992-. |
| v. <1 > ; ; 24 cm. |
| Collection of previously published documents.-v. 1. Sources of medieval history. |
| ISBN 0070646112 (v. 1). |
| ● |
| 相关链接 |
|
|
|
|
正题名:Middle Ages
索取号:K56/x9
 
预约/预借
| 序号 | 登录号 | 条形码 | 馆藏地/架位号 | 状态 | 备注 |
| 1 | 0009875 | 300098757 | 第二样本阅览室/ [索取号:K56/x9] | 在馆 | |
| 2 | 0009876 | 300098766 | 第四借阅区/ [索取号:K56/x9] | 在馆 | |
| 3 | 0009877 | 300098775 | 第四借阅区/ [索取号:K56/x9] | 在馆 |